Rozpoznaj zespoły po gitarzystach - Statystyki

Ogólne statystyki
  • Ten quiz został rozwiązany 172 razy
  • Średni wynik to 11 z 24
Statystyki odpowiedzi
Gitarzysta Zespół % Poprawnych
Angus Young AC/DC
90%
Brian May Queen
78%
Kirk Hammett Metallica
76%
Saul Hudson (Slash) Guns n' Roses
74%
Jimmy Page Led Zeppelin
74%
Tony Iommi Black Sabbath
61%
George Harrison The Beatles
59%
David Gilmour Pink Floyd
58%
Keith Richards The Rolling Stones
54%
Mark Knopfler Dire Straits
51%
John Frusciante Red Hot Chili Peppers
46%
Eric Clapton Cream / Derek And The Dominoes
43%
Ritchie Blackmore Deep Purple / Rainbow
39%
Dimebag Darrell Pantera
34%
Tom Morello Rage Against The Machine / Audioslave
32%
Herman Li DragonForce
30%
Dave Evans (The Edge) U2
26%
Daron Malakian System Of A Down
24%
Dave Murray Iron Maiden
23%
John Petrucci Dream Theater
22%
Mick Thomson (#7) Slipknot
22%
Kerry King Slayer
21%
Scott Ian Anthrax
20%
Pete Townshend The Who
18%
Nie znaleziono quizów pasujących do podanych kryteriów
Rozkład punktacji
Procent ludzi z każdym wynikiem
Percentyl według liczby udzielonych odpowiedzi
Twoja historia wyników
Nie rozwiązałeś tego quizu